000 00243nam a2200109Ia 4500
008 190216s9999||||xx |||||||||||||| ||und||
100 _aMukerjee V
245 0 _aHindi-Bharath Ke Mahan Yogi
260 _bAnurag
650 _aHindi
942 _cBK
999 _c15548
_d15548